[Event "Baile Felix Cup 27th"]
[Site "Baile Felix"]
[Date "2012.06.01"]
[Round "1"]
[White "Frink, Ferenc"]
[Black "Miclea, Traian"]
[Result "1-0"]
[WhiteElo "2198"]
[BlackElo "1766"]
[PlyCount "55"]
[EventDate "2012.06.01"]
[EventType "swiss"]
[EventRounds "7"]
[EventCountry "ROU"]
[SourceTitle "CBM 148 Extra"]
[Source "ChessBase"]
[SourceDate "2012.06.22"]
[SourceVersion "1"]
[SourceVersionDate "2012.06.22"]
[SourceQuality "1"]

1. e4 d6 2. d4 Nf6 3. Bd3 Nbd7 4. Ne2 c5 5. c3 g6 6. 0-0 Bg7 7. h3 a6 8. a4 b6 9. Be3 Bb7 10. Nd2 Qc7 11. Rc1 0-0 12. Ng3 Rfd8 13. f4 e5 14. fxe5 dxe5 15. d5 Bxd5 16. exd5 Nxd5 17. Qf3 Nxe3 18. Qxe3 Nf6 19. Bc4 Qd7 20. Nde4 Nd5 21. Bxd5 Qxd5 22. Nf6+ Bxf6 23. Rxf6 b5 24. a5 Rd7 25. Qg5 Kh8 26. Re1 Re8 27. Rxa6 Re6 28. Rxe6 1-0

[Event "Felix Cup 22nd"]
[Site "Felix Spa"]
[Date "2007.05.26"]
[Round "3"]
[White "Miclea, Traian"]
[Black "Samu, Sorin Mihai"]
[Result "0-1"]
[WhiteElo "1965"]
[BlackElo "2223"]
[PlyCount "64"]
[EventDate "2007.05.25"]
[EventType "swiss"]
[EventRounds "9"]
[EventCountry "ROU"]
[SourceTitle "CBM 118 Extra"]
[Source "ChessBase"]
[SourceDate "2007.07.04"]
[SourceVersion "1"]
[SourceVersionDate "2007.07.04"]
[SourceQuality "1"]

1. c4 Nf6 2. d4 g6 3. Nc3 Bg7 4. e4 0-0 5. e5 Ne8 6. f4 d6 7. Nf3 Bg4 8. Be2 c6 9. 0-0 Bxf3 10. Bxf3 e6 11. Be3 d5 12. Qe2 Nd7 13. cxd5 cxd5 14. Rac1 a6 15. a4 Rc8 16. Rc2 Nc7 17. Rfc1 Na8 18. Qd3 Nab6 19. b3 Rc6 20. a5 Nc8 21. Bd2 Na7 22. Na4 Qe7 23. Nc5 Nxc5 24. Rxc5 Rfc8 25. Bb4 Qd7 26. Qd2 Bf8 27. Rxc6 Rxc6 28. Rxc6 Nxc6 29. Bc3 Qe7 30. g3 Qa3 31. Bd1 Bb4 32. Qb2 Qxa5 0-1